00568nam a22001697a 450000500170000001000150001702000260003203500130005803700130007108200140008410000210009824500970011926000310021627000830024730000280033050000400035820141212123354.0 aENG-111379 a9789351431527c345.00 aEN-94911 bDBAD/PUB a174.30954 aGhosh, Yashomati aLegal ethics and the profession of law /cby Yashomati Ghosh ; foreworded by R. Venkata Rao aGurgaonbLexis Nexisc2014 a14th Floor, Building No.10, Tower-B, DLF Cyber City, Phase-IIbGurgaone122002 axxii, 348p. c24cm(pbk) aIncludes bibliographical references